[Event "XXII Rapid"]
[Site "Villarrobledo ESP"]
[Date "2007.08.05"]
[Round "8"]
[White "Sokolov,Iv NED"]
[Black "Topalov,V"]
[Result "1/2-1/2"]
[WhiteElo "2666"]
[BlackElo "2769"]

1.d4 Nf6 2.c4 e6 3.Nf3 d5 4.Nc3 Be7 5.Bf4 O-O 6.e3 Nbd7 7.a3 c5 8.cxd5 Nxd5
9.Nxd5 exd5 10.dxc5 Nxc5 11.Be5 Bf5 12.Be2 Be4 13.O-O Ne6 14.Nd4 Qb6 15.Qd2 Rac8
16.Rac1 h6 17.Bg4 Rxc1 18.Rxc1 Nc5 19.Be2 a5 20.f3 Bg6 21.b4 axb4 22.Qxb4 Qxb4
23.axb4 Nd3 24.Bxd3 Bxd3 25.Rc7 Bxb4 26.Rxb7 Bc5 27.Kf2 Re8 28.Nc6 Re6 29.Rc7 Bb6
30.Rc8+ Kh7 31.Bd4 Ba6 32.Ra8 Rxc6 33.Rxa6 Rc2+ 34.Kg3 Bxd4 35.exd4 Rd2 36.Ra4 g5
37.h4 Kg6 38.hxg5 hxg5 39.Kh3 Kf5 40.Kg3 f6 41.Rb4 Rd3 42.Kf2 Rd2+ 43.Kg3 Rd1
44.Ra4 g4 45.fxg4+ Kg5 46.Kf3 Rf1+ 47.Ke2 Rf4 48.g3 Rxg4 49.Kf3 Re4 50.Rb4 f5
51.Ra4 Re3+  1/2-1/2

[Event "Arctic Chess Challenge"]
[Site "Tromso NOR"]
[Date "2007.08.08"]
[Round "5"]
[White "Andreassen,L"]
[Black "Hagen,B"]
[Result "1/2-1/2"]
[WhiteElo "2221"]
[BlackElo "2034"]

1.d4 d5 2.Nf3 Nf6 3.c4 e6 4.Nc3 Be7 5.Bf4 O-O 6.e3 b6 7.Rc1 c5 8.cxd5 exd5
9.Bd3 Bb7 10.O-O Nbd7 11.Re1 Ne4 12.Qa4 Ndf6 13.Red1 Nxc3 14.Rxc3 c4 15.Bf5 a6
16.Rcc1 b5 17.Qc2 Bc8 18.Ne5 Bxf5 19.Qxf5 Qc8 20.Qc2  1/2-1/2

[Event "UTwente YM"]
[Site "Hengelo NED"]
[Date "2007.08.09"]
[Round "6"]
[White "Iljin,A"]
[Black "Corrales Jimenez,F"]
[Result "0-1"]
[WhiteElo "2569"]
[BlackElo "2499"]

1.d4 d5 2.Nf3 Nf6 3.c4 e6 4.Nc3 Be7 5.Bf4 O-O 6.e3 c5 7.dxc5 Bxc5 8.a3 Nc6
9.Rc1 a6 10.cxd5 exd5 11.Bd3 d4 12.Ne2 Ba7 13.Nfxd4 Nxd4 14.exd4 Bg4 15.f3 Nd5
16.Qd2 Nxf4 17.Qxf4 Be6 18.O-O Qb6 19.b4 Rad8 20.Rc5 g6 21.Rfc1 Rd7 22.Rc8 Rfd8
23.Rxd8+ Qxd8 24.Be4 Rxd4 25.Nxd4 Qxd4+ 26.Kh1 f5 27.h4 fxe4 28.fxe4 h5 29.Rf1 Qd7
30.Qg5 Kh7 31.g4 Bc4  0-1

[Event "XVIII Kochan Mem"]
[Site "Koszalin POL"]
[Date "2007.08.09"]
[Round "5"]
[White "Cyborowski,L"]
[Black "Ovsejevitsch,S"]
[Result "1/2-1/2"]
[WhiteElo "2560"]
[BlackElo "2568"]

1.Nf3 d5 2.d4 Nf6 3.c4 e6 4.Nc3 Be7 5.Bf4 O-O 6.e3 b6 7.cxd5 Nxd5 8.Bd3 Nxf4
9.exf4 Bb7 10.O-O Nd7 11.Be4 Bxe4 12.Nxe4 c5 13.dxc5 Nxc5 14.Nxc5 Bxc5 15.Qa4 Qc7
16.Rfd1 Rfd8 17.Ne5 Rac8 18.g3 Bd6 19.Nf3 Qb7 20.Qb3 Be7 21.Rxd8+ Rxd8 22.Rd1 g6
23.Rxd8+  1/2-1/2

[Event "Valoz Cup GMA"]
[Site "Olomouc CZE"]
[Date "2007.08.09"]
[Round "11"]
[White "Vorobiov,E"]
[Black "Zeberski,J"]
[Result "1-0"]
[WhiteElo "2572"]
[BlackElo "2437"]

1.d4 d5 2.c4 e6 3.Nc3 Be7 4.Nf3 Nf6 5.Bf4 O-O 6.e3 Nbd7 7.a3 dxc4 8.Bxc4 Nb6
9.Bd3 Nbd5 10.Be5 Nxc3 11.bxc3 b6 12.Qc2 h6 13.h4 Nd7 14.Be4 Rb8 15.g4 Re8
16.g5 h5 17.Bh7+ Kf8 18.Bg6 Bb7 19.Bxh5 g6 20.Bg4 Nxe5 21.dxe5 Qd5 22.Rd1 Qe4
23.Qxe4 Bxe4 24.Rd4 Bc6 25.h5 gxh5 26.Bxh5 Kg7 27.Rf4 Rf8 28.Ke2 a5 29.Bxf7 Bxa3
30.g6 Bxf3+ 31.Rxf3 Rh8 32.Rfh3 Rxh3 33.Rxh3 Rh8 34.Rxh8 Kxh8 35.Bxe6 Kg7
36.Bf7 Bb2 37.Kd3 b5 38.f4 b4 39.f5 Bxc3 40.f6+ Kf8 41.Be6  1-0

[Event "Scandinavian Chess Tournament"]
[Site "Taby SWE"]
[Date "2007.08.10"]
[Round "9"]
[White "Agrest,E"]
[Black "Hamark,J"]
[Result "1-0"]
[WhiteElo "2541"]
[BlackElo "2289"]

1.Nf3 d5 2.d4 Nf6 3.c4 e6 4.Nc3 Be7 5.Bf4 c5 6.dxc5 Na6 7.cxd5 Nxd5 8.Nxd5 exd5
9.e3 Nxc5 10.Bb5+ Bd7 11.Bxd7+ Qxd7 12.O-O O-O 13.Be5 Rac8 14.Qd4 f6 15.Bg3 Rfd8
16.Rfd1 a6 17.Rac1 Ne4 18.Qd3 Bc5 19.Nd4 Bb6 20.Ne2 Rxc1 21.Rxc1 Nc5 22.Qc2 Ne6
23.h3 Qb5 24.Nc3 Qc6 25.Qb3 Nc5 26.Qd1 Qe6 27.Kh2 Ne4 28.Nxe4 dxe4 29.Qa4 h6
30.Rc4 f5 31.Qb3 Ba5 32.Qa4 Bb6 33.Qb4 Kh7 34.Rc3 Rd3 35.Rc2 Rd1 36.a4 Qa2
37.Qf8 Qe6 38.Rc8 Rd7 39.Bf4 Kg6 40.Qh8 Rf7 41.Rg8 Kf6 42.Bxh6 Bc7+ 43.g3 Qd7
44.Bxg7+  1-0

[Event "Arctic Chess Challenge"]
[Site "Tromso NOR"]
[Date "2007.08.10"]
[Round "7"]
[White "Remman,F"]
[Black "Reppen,S"]
[Result "0-1"]
[WhiteElo "1959"]
[BlackElo "2086"]

1.Nf3 Nf6 2.c4 e6 3.d4 d5 4.Nc3 Be7 5.Bf4 O-O 6.e3 c5 7.dxc5 Bxc5 8.Qc2 Nc6
9.a3 Qe7 10.b4 Bd6 11.Bg5 h6 12.Bxf6 Qxf6 13.Rd1 Ne5 14.Nd2 Ng4 15.Nde4 dxe4
16.Rxd6 Nxf2 17.Be2 Nxh1 18.Nxe4 Qh4+ 19.Kf1 Qxh2 20.Qd2 f5 21.Rd8 fxe4+
22.Rxf8+ Kxf8 23.Qd8+ Kf7 24.Qc7+ Qxc7  0-1

[Event "Open"]
[Site "Kavala GRE"]
[Date "2007.08.12"]
[Round "9"]
[White "Dzagnidze,N"]
[Black "Graf,A"]
[Result "1-0"]
[WhiteElo "2404"]
[BlackElo "2595"]

1.d4 d5 2.c4 e6 3.Nc3 Be7 4.Nf3 Nf6 5.Bf4 O-O 6.e3 c5 7.dxc5 Bxc5 8.cxd5 exd5
9.Be2 Nc6 10.O-O Be6 11.Rc1 Rc8 12.a3 Bb6 13.Na4 Ne4 14.b4 Qf6 15.Qd3 g5
16.Nxb6 axb6 17.Bg3 h5 18.h3 g4 19.hxg4 hxg4 20.Nd2 Nxg3 21.fxg3 Qe5 22.b5 Ne7
23.Nb3 Nf5 24.Bxg4 Nxg3 25.Bxe6 Qxe6 26.Nd4 Qe5 27.Rxc8 Rxc8 28.Rd1 Rc5 29.Ne2 Nf5
30.Kf2 Rc4 31.Rh1 Kf8 32.Rh5 Re4 33.g4 Rxe3 34.Rxf5 Rxd3 35.Rxe5 Rxa3 36.Rxd5 Ke7
37.Nd4 Kf6 38.Rf5+ Ke7 39.Nf3 f6 40.Nd2 Ra4 41.Kf3 Ra3+ 42.Kf4 Ra4+ 43.Ne4 Rb4
44.Kf3 Rb3+ 45.Kf2 Rb2+ 46.Kg3 Rb3+ 47.Kh4  1-0

[Event "Acropolis Open"]
[Site "Athens GRE"]
[Date "2007.08.15"]
[Round "2"]
[White "Chigladze,I"]
[Black "Barsov,A"]
[Result "0-1"]
[WhiteElo "2341"]
[BlackElo "2517"]

1.d4 d5 2.c4 e6 3.Nf3 Nf6 4.Nc3 Be7 5.Bf4 O-O 6.e3 c5 7.dxc5 Bxc5 8.cxd5 Nxd5
9.Nxd5 exd5 10.a3 Nc6 11.Bd3 Bb6 12.O-O d4 13.Qc2 h6 14.e4 Qf6 15.Bg3 Bg4
16.Nd2 Rfc8 17.Qa4 h5 18.f4 Be2 19.e5 Qh6 20.Qb3 Na5 21.Qb5 a6  0-1

[Event "Open A"]
[Site "Polanica Zdroj POL"]
[Date "2007.08.17"]
[Round "1"]
[White "Moranda,W"]
[Black "Miroslaw,M"]
[Result "1-0"]
[WhiteElo "2492"]
[BlackElo "2255"]

1.d4 d5 2.c4 e6 3.Nc3 Be7 4.Nf3 Nf6 5.Bf4 O-O 6.e3 c6 7.Qc2 Bd6 8.Bg5 Nbd7
9.Bd3 h6 10.Bh4 dxc4 11.Bxc4 e5 12.O-O-O Qc7 13.Bb3 exd4 14.Nxd4 Be5 15.f4 Bxf4
16.Kb1 Be5 17.Rhf1 Nc5 18.Bc4 Bg4 19.Rd2 b5 20.Bxf6 bxc4 21.Bxe5 Qxe5 22.Nxc6 Qxe3
23.Nd5 Qe4 24.Rf4 Qe1+ 25.Qc1 Qxc1+ 26.Kxc1 Be6 27.Rxc4 Nd7 28.Rc3 Bxd5 29.Rxd5 Nf6
30.Ra5 Rfe8 31.b4 Re1+ 32.Kb2 Re2+ 33.Rc2 Rxc2+ 34.Kxc2 Rc8 35.b5 Nd5 36.Kb3 Kh7
37.Rxa7 f5 38.g3 Re8 39.Kc4  1-0

[Event "XIX Open"]
[Site "Porto San Giorgio ITA"]
[Date "2007.08.21"]
[Round "1"]
[White "Farago,I"]
[Black "Barucco,M"]
[Result "1-0"]
[WhiteElo "2501"]
[BlackElo "2064"]

1.d4 d5 2.c4 e6 3.Nf3 Nf6 4.Nc3 Be7 5.Bf4 O-O 6.e3 c6 7.h3 Nbd7 8.c5 b6 9.b4 a5
10.a3 Ba6 11.Bxa6 Rxa6 12.b5 cxb5 13.c6 Qc8 14.c7 b4 15.Nb5 Ne4 16.O-O Nc3
17.Qd3 Nxb5 18.Qxb5 bxa3 19.Rfc1 a4 20.Ne5 Nxe5 21.Bxe5 Ra5 22.Qxb6 Ra6 23.Qb5 f6
24.Bg3 Bd6 25.Bxd6 Rxd6 26.Rxa3 Rd7 27.Qc6  1-0

[Event "1st Serbian League Men"]
[Site "Zlatibor SRB"]
[Date "2007.08.21"]
[Round "1"]
[White "Kosic,D"]
[Black "Ivanovic,B"]
[Result "1/2-1/2"]
[WhiteElo "2501"]
[BlackElo "2426"]

1.d4 d5 2.c4 e6 3.Nc3 Nf6 4.Nf3 Be7 5.Bf4 O-O 6.e3 Nbd7 7.Qc2 c5 8.cxd5 exd5
9.dxc5 Nxc5 10.Be2 Nfe4 11.O-O Bf5 12.Rfd1 Nxc3 13.Qxc3 Rc8 14.Qd4  1/2-1/2

[Event "TCh-ESP CECLUB Sur Div 1"]
[Site "Burguillos ESP"]
[Date "2007.08.22"]
[Round "1"]
[White "Gomez Esteban,J"]
[Black "Medina Carrasco,S"]
[Result "1-0"]
[WhiteElo "2482"]
[BlackElo "2215"]

1.d4 d5 2.c4 e6 3.Nc3 Nf6 4.Nf3 Be7 5.Bf4 c6 6.e3 O-O 7.h3 Nbd7 8.Bd3 Re8
9.O-O Nf8 10.c5 N6d7 11.b4 Bf6 12.e4 Ng6 13.Bd6 e5 14.exd5 exd4 15.dxc6 dxc3
16.c7 Qe7 17.Bxe7 Nxe7 18.Re1 c2 19.Qxc2 Bxa1 20.Bxh7+ Kf8 21.Rxa1 Nf6 22.Bd3 Ned5
23.Bc4  1-0

[Event "Lady and Chess"]
[Site "Panevezys LTU"]
[Date "2007.08.22"]
[Round "3"]
[White "Limontaite,S"]
[Black "Sharevich,A"]
[Result "1/2-1/2"]
[WhiteElo "2140"]
[BlackElo "2305"]

1.d4 d5 2.c4 e6 3.Nf3 Be7 4.Nc3 Nf6 5.Bf4 O-O 6.e3 c5 7.dxc5 Bxc5 8.cxd5 Nxd5
9.Nxd5 exd5 10.a3 Nc6 11.Bd3 Bb6 12.O-O d4 13.e4 Bg4 14.h3 Bh5 15.g4 Bg6
16.Nd2 Re8 17.Bg3 Bc7 18.f4 Qd7 19.Qf3 f6 20.Kh2 Bf7 21.Rae1 Re7 22.Rf2 Rae8
23.Rg2 Kh8 24.Kg1 Nd8 25.h4 Bd5 26.Rc1 Bc6 27.h5 Nf7 28.Bh4 Nd6 29.Re2 Rf7
30.Qh3 Bb5 31.Rg2 Bxd3 32.Qxd3 Qb5 33.Qxb5 Nxb5 34.Bg3 d3 35.Kf1 Rd7 36.f5 Bb6
37.Bf2 Nd4 38.Rc4 Nc6 39.Bxb6 axb6 40.Kf2 Ne5 41.Rc3 h6 42.Ke3 Red8 43.Rg1 Kg8
44.Kf4 Nc6 45.Nf3 b5 46.Ke3 b4 47.axb4 Nxb4 48.Rd1 Re8 49.Kf4 Red8 50.Rb3 Nc2
51.Rd2 Na1 52.Ra3 Nc2 53.Rb3 Na1 54.Ra3 Nc2 55.Rb3  1/2-1/2

[Event "Open A"]
[Site "Polanica Zdroj POL"]
[Date "2007.08.22"]
[Round "6"]
[White "Sopur,L"]
[Black "Dobrowolski,A"]
[Result "1-0"]
[WhiteElo "2389"]
[BlackElo "2338"]

1.d4 d5 2.c4 e6 3.Nc3 Be7 4.Nf3 Nf6 5.Bf4 O-O 6.e3 Nbd7 7.cxd5 Nxd5 8.Nxd5 exd5
9.Bd3 c5 10.O-O c4 11.Bc2 b5 12.e4 Nb6 13.e5 Be6 14.Qb1 h6 15.b3 a5 16.bxc4 Nxc4
17.Bc1 Rc8 18.Qb3 h5 19.Ne1 Qb6 20.Be3 g6 21.Bd3 b4 22.Rd1 Nxe3 23.fxe3 Kg7
24.Qb2 Qc7 25.Bb1 a4 26.Nd3 Qc3 27.Qf2 b3 28.axb3 axb3 29.Rc1 Qa5 30.Rxc8 Bxc8
31.Nf4 Ba6 32.Nxh5+ Kg8 33.Qf4 Kh7 34.Nf6+ Kg7 35.Ng4 Qb5 36.Rf2 Qa5 37.Qh6+ Kg8
38.h3 Rc8  1-0

[Event "NH Chess Tournament"]
[Site "Amsterdam NED"]
[Date "2007.08.23"]
[Round "2"]
[White "Cheparinov,I"]
[Black "Khalifman,A"]
[Result "1/2-1/2"]
[WhiteElo "2657"]
[BlackElo "2632"]

1.d4 Nf6 2.c4 e6 3.Nf3 d5 4.Nc3 Be7 5.Bf4 O-O 6.e3 Nbd7 7.a3 c5 8.cxd5 Nxd5
9.Nxd5 exd5 10.dxc5 Nxc5 11.Be5 Bf6 12.Bxf6 Qxf6 13.Qd4 Qd6 14.Bd3 Nxd3+
15.Qxd3 Qf6 16.O-O Qxb2 17.Qxd5 Be6 18.Qe4 Qb5 19.Rab1 Qd5 20.Qxd5 Bxd5 21.Nd4 Rfc8
22.Rfd1 Kf8 23.f3 b6 24.e4 Bc4 25.Nf5 Be6 26.Nd6 Rc5 27.Rd3  1/2-1/2

[Event "27th Open"]
[Site "Bratto ITA"]
[Date "2007.08.23"]
[Round "1"]
[White "Khenkin,I"]
[Black "Bove,A"]
[Result "1-0"]
[WhiteElo "2602"]
[BlackElo "2173"]

1.d4 Nf6 2.c4 e6 3.Nf3 d5 4.Nc3 Be7 5.Bf4 O-O 6.e3 a6 7.c5 Nc6 8.Bd3 Re8
9.h3 b6 10.cxb6 cxb6 11.O-O Bb7 12.Qe2 Nb4 13.Bb1 a5 14.Rc1 Ba6 15.Qd1 Rc8
16.Ne5 Nc6 17.Bd3 Bxd3 18.Qxd3 Nxe5 19.Bxe5 Nd7 20.Bf4 Bg5 21.Bh2 e5 22.dxe5 Rc5
23.Rd1 f6 24.Nxd5 Nxe5 25.Qb3 Nc4 26.Nc7  1-0

[Event "27th Open"]
[Site "Bratto ITA"]
[Date "2007.08.23"]
[Round "1"]
[White "Salvador,R"]
[Black "Danieli,E"]
[Result "1-0"]
[WhiteElo "2452"]
[BlackElo "2117"]

1.d4 d5 2.Nf3 e6 3.c4 Nf6 4.Nc3 Be7 5.Bf4 O-O 6.e3 c6 7.h3 Nbd7 8.Bd3 b6
9.O-O Bb7 10.Rc1 Rc8 11.cxd5 exd5 12.Ne5 Re8 13.Qc2 g6 14.Bh2 c5 15.Qa4 a6
16.Bxa6 Ra8 17.Bxb7 Rxa4 18.Nc6 Rb4 19.Nxd8 Bxd8 20.Nd1 cxd4 21.a3 Rb3 22.exd4 Rd3
23.Nc3 Rxd4 24.Rfd1 Rxd1+ 25.Rxd1 d4 26.Nb5 Nc5 27.Bc6 Re2 28.b4 Nb3 29.Bb8 Rd2
30.Rxd2 Nxd2 31.Nxd4 Nb1 32.a4 Nc3 33.Be5 Nfd5 34.Bxd5 Nxd5 35.Nc6 Bc7 36.Bxc7 Nxc7
37.Kf1 Kf8 38.b5 Nd5 39.Ke1 Ke8 40.Kd2 Nf4 41.a5 Ne6 42.axb6  1-0

[Event "Independence Cup A"]
[Site "Kyiv UKR"]
[Date "2007.08.23"]
[Round "11"]
[White "Lebed,P"]
[Black "Burakovsky,M"]
[Result "1-0"]
[WhiteElo "2069"]
[BlackElo "2032"]

1.Nf3 Nf6 2.c4 e6 3.d4 d5 4.Nc3 Be7 5.Bf4 O-O 6.e3 b6 7.cxd5 exd5 8.Bd3 Nbd7
9.Ne5 Nxe5 10.dxe5 Ne8 11.Nxd5 Bb7 12.Nxe7+ Qxe7 13.O-O c5 14.Qh5 g6 15.Qg4 Rd8
16.Bg5 f6 17.exf6 Nxf6 18.Bc4+ Kh8 19.Qf4 Qd6 20.Qxd6 Rxd6 21.Rad1 Rxd1 22.Rxd1 Kg7
23.Rd6 Bc8 24.Rc6 Nh5 25.Rc7+ Kh8 26.h3 b5 27.Bd5 h6 28.Bxh6 Rd8 29.e4 Bd7
30.Bg5  1-0

[Event "20th Open"]
[Site "Panevezys LTU"]
[Date "2007.08.24"]
[Round "9"]
[White "Beinoras,M"]
[Black "Labuckas,A"]
[Result "1/2-1/2"]
[WhiteElo "2223"]
[BlackElo "2291"]

1.d4 d5 2.c4 e6 3.Nf3 Nf6 4.Nc3 Be7 5.Bf4 O-O 6.e3 c5 7.dxc5 Bxc5 8.Be2 Nc6
9.O-O dxc4 10.Bxc4 a6 11.Rc1 Qa5 12.Qe2 Be7 13.Nd4 Nxd4 14.exd4 b5 15.Bb3 b4
16.Na4 Bd7 17.Qe5 Qd8 18.Nc5 Bc8 19.Ba4 Qb6 20.Qc7 Qxc7 21.Bxc7 Nd5 22.Bg3 Bg5
23.Rc2 Bf4 24.Bc6 Ra7 25.Bxd5 Bxg3 26.hxg3 exd5 27.Re1 f6 28.Nb3 a5 29.Rc6 Rd8
30.Nc5 Bf5 31.f3 h5 32.Kf2 Kf7 33.Ra6 Rxa6 34.Nxa6 Rc8 35.Nc5 Rb8 36.Rh1 Kg6
37.Rc1 Rc8 38.Nb3 Rxc1 39.Nxc1 Bb1 40.a3 Kf5 41.axb4 axb4 42.Nb3 Bd3 43.Nc5 Bb5
44.Ke3 g5 45.Nb3 Bc4 46.Na5 Bb5 47.Nb3 Bc4 48.Na5 Bb5 49.Nb3  1/2-1/2

[Event "Dato Arthur Tan Malaysian Op"]
[Site "Kuala Lumpur MAS"]
[Date "2007.08.26"]
[Round "11"]
[White "Thong Yung Cheng"]
[Black "Brockman,R"]
[Result "1/2-1/2"]
[WhiteElo "1977"]
[BlackElo "1797"]

1.d4 d5 2.c4 e6 3.Nc3 Be7 4.Nf3 Nf6 5.Bf4 O-O 6.e3 c5 7.dxc5 Bxc5 8.cxd5 Nxd5
9.Nxd5 exd5 10.a3 Nc6 11.Nd4 Nxd4 12.exd4 Re8+ 13.Be2 Bd6 14.Bxd6 Qxd6 15.O-O Qb6  1/2-1/2

[Event "Kalamaria Open"]
[Site "Thessaloniki GRE"]
[Date "2007.08.30"]
[Round "7"]
[White "Moradiabadi,E"]
[Black "Exizoglou,D"]
[Result "1-0"]
[WhiteElo "2540"]
[BlackElo "2224"]

1.d4 d5 2.c4 e6 3.Nc3 Nf6 4.Nf3 Be7 5.Bf4 O-O 6.e3 c5 7.dxc5 Bxc5 8.a3 dxc4
9.Bxc4 a6 10.Bd3 Nc6 11.O-O Be7 12.Qc2 Bd7 13.e4 g6 14.Rad1 Rc8 15.e5 Nd5
16.Nxd5 exd5 17.Qd2 Qa5 18.Qe3 Bg4 19.Be2 Rfd8 20.b4 Qa4 21.h3 Be6 22.Ng5 d4
23.Qg3 d3 24.Bxd3 Qxa3 25.Nxe6 fxe6 26.Qg4 Kg7 27.Qxe6 Qxb4 28.Be3 Qc3 29.Be4 Qxe5
30.Qxe5+ Nxe5 31.Bxb7 Rxd1 32.Rxd1 Rd8 33.Rc1 a5 34.f4 Nf7 35.Bb6 Rb8 36.Rc7 Bd8
37.Bd4+ Bf6 38.Be5 Rd8 39.Ba6 Bxe5 40.fxe5 Kf8 41.e6 Rd1+ 42.Kf2 Nd6 43.Rxh7 Rd5
44.Be2 Re5 45.Bg4 Nf5 46.Rf7+ Ke8 47.Ra7 Nd4 48.Rg7 Nxe6 49.Rxg6 Nc5 50.Rg7 Re7
51.Rg8+ Kf7 52.Ra8 Re5 53.Bf3 Kf6 54.g4 Nd3+ 55.Kg3 Re3 56.Rxa5 Ne5 57.Kg2 Kg5
58.Bb7 Kh4 59.Kf2 Kxh3 60.Kxe3 Nc4+ 61.Kf4 Nxa5 62.Bd5  1-0

[Event "NH Chess Tournament"]
[Site "Amsterdam NED"]
[Date "2007.08.31"]
[Round "9"]
[White "Khalifman,A"]
[Black "Negi,P"]
[Result "1/2-1/2"]
[WhiteElo "2632"]
[BlackElo "2529"]

1.d4 d5 2.c4 e6 3.Nf3 Nf6 4.Nc3 Be7 5.Bf4 O-O 6.e3 c5 7.dxc5 Bxc5 8.Qc2 Nc6
9.Rd1 Qa5 10.Be2 Nb4 11.Qb3 dxc4 12.Bxc4 a6 13.Qa4 Nc6 14.Qxa5 Nxa5 15.Bd3 b5
16.Ne4 Bb4+ 17.Ke2 Nd5 18.Bd6 Bxd6 19.Nxd6 Rd8 20.Ne4 Nb7 21.Rc1 Bd7 22.Nc5 Nxc5
23.Rxc5 Rac8 24.Rhc1 Rxc5 25.Rxc5 Rc8 26.Rxc8+ Bxc8 27.a3 Kf8 28.g3 Ke7 29.e4 Nb6
30.Ke3  1/2-1/2

[Event "1st Serbian League Men"]
[Site "Zlatibor SRB"]
[Date "2007.08.31"]
[Round "10"]
[White "Grujic,Z"]
[Black "Iordachescu,V"]
[Result "0-1"]
[WhiteElo "2362"]
[BlackElo "2584"]

1.Nf3 Nf6 2.c4 e6 3.Nc3 d5 4.d4 Be7 5.Bf4 O-O 6.e3 b6 7.cxd5 Nxd5 8.Nxd5 Qxd5
9.a3 Ba6 10.Bxa6 Qa5+ 11.Nd2 Qxa6 12.Qe2 Qb7 13.O-O Nd7 14.Rfd1 c5 15.Qf3 Qxf3
16.Nxf3 Rfc8 17.Rac1 Kf8 18.Kf1 cxd4 19.exd4 Nf6 20.Rxc8+ Rxc8 21.Rc1 Ra8
22.Ke2 Nd5 23.Be3 Bd6 24.h3 Ke7 25.Nd2 Kd7 26.Ne4 b5 27.Nc3 Nxc3+ 28.Rxc3 a5
29.Kd3 a4 30.g4 Rb8 31.Bc1 Rf8 32.d5 exd5 33.Kd4 f5 34.f3 Re8 35.Rc2 Re1
36.gxf5 Rd1+ 37.Bd2 Bf4 38.Kc3 d4+ 39.Kd3 Kd6 40.Ke2 Rxd2+ 41.Rxd2 Bxd2 42.Kxd2 Ke5
43.Kd3 h5 44.f4+ Kxf5 45.Kxd4 Kxf4  0-1

[Event "1st Serbian League Men"]
[Site "Zlatibor SRB"]
[Date "2007.09.01"]
[Round "11"]
[White "Stojanovic,Mih"]
[Black "Benkovic,P"]
[Result "0-1"]
[WhiteElo "2601"]
[BlackElo "2465"]

1.d4 Nf6 2.c4 e6 3.Nc3 d5 4.Nf3 Be7 5.Bf4 O-O 6.e3 Nbd7 7.cxd5 Nxd5 8.Nxd5 exd5
9.Bd3 c5 10.dxc5 Nxc5 11.O-O Bg4 12.Be2 Bf6 13.h3 Bh5 14.Qd2 Ne6 15.Bh2 d4
16.e4 Bxf3 17.gxf3 Ng5 18.e5 d3 19.Bd1 Be7 20.f4 Ne6 21.Bf3 Qd4 22.b3 Rac8
23.f5 Bg5 24.Qa5 Nf4 25.Bxb7 Nxh3+ 26.Kg2 Qg4+ 27.Kh1 Rc2 28.Qxa7 Qxf5 29.Kg2 Qg4+
30.Kh1 Qf5 31.Bg2 Nf4 32.Qd4 Qg4 33.Bb7 Rd8 34.Qe4 Qh4 35.Qf3 d2 36.Be4 Rc5
37.Rad1 Rxe5 38.Rg1 Nh3 39.Bxe5 Nf4+ 40.Qh3 Qxh3+  0-1

[Event "60th ch-RUS Higher League"]
[Site "Krasnoyarsk RUS"]
[Date "2007.09.03"]
[Round "1"]
[White "Dreev,A"]
[Black "Gavrilov,Al1"]
[Result "1-0"]
[WhiteElo "2606"]
[BlackElo "2512"]

1.d4 Nf6 2.c4 e6 3.Nf3 d5 4.Nc3 Be7 5.Bf4 O-O 6.Qc2 dxc4 7.e4 Nc6 8.Rd1 Nb4
9.Qb1 Nd3+ 10.Bxd3 cxd3 11.Qxd3 b6 12.O-O Bb7 13.Rfe1 Qc8 14.Bg5 h6 15.Bh4 Re8
16.Rc1 Ba6 17.Qc2 Qb7 18.Qa4 c5 19.e5 Nd7 20.Bxe7 Rxe7 21.Ne4 Bd3 22.Nd6 Qd5
23.Qa3 Bg6 24.dxc5 bxc5 25.b4 cxb4 26.Qxb4 Nb6 27.Nf5 Rd7 28.Ne7+ Rxe7 29.Qxe7 Qxa2
30.Ra1 Qb2 31.Rxa7 Rxa7 32.Qxa7 Nd5 33.Qd4 Qc2 34.h3 Bf5 35.Qd2 Qxd2 36.Nxd2 g5
37.Nc4 Nf4 38.Nd6 Bg6 39.Ra1 Nd3 40.Ra5 h5 41.g3 Kg7 42.Kf1 h4 43.Ke2 hxg3
44.fxg3 Nb4 45.Ne8+ Kh6 46.Nf6 Bf5 47.g4 Bg6 48.Ra3 Nc6 49.Re3 Kg7 50.Kd2 Kh6
51.Kc3 Kg7 52.Re1 Ne7 53.Kd4 Bc2 54.Rc1 Ba4 55.Kc5 Ng6 56.Kb4 Nxe5 57.Nh5+ Kg6
58.Kxa4 f5 59.Re1 fxg4 60.Ng3 Kf6 61.hxg4 Nxg4 62.Kb4 Nh2 63.Kc3 g4 64.Rh1 Nf3
65.Kd3 Kg5 66.Ke4  1-0

[Event "60th ch-RUS Higher League"]
[Site "Krasnoyarsk RUS"]
[Date "2007.09.04"]
[Round "2"]
[White "Potkin,V"]
[Black "Timofeev,Arty"]
[Result "1/2-1/2"]
[WhiteElo "2591"]
[BlackElo "2650"]

1.d4 d5 2.c4 e6 3.Nc3 Be7 4.Nf3 Nf6 5.Bf4 O-O 6.e3 Nbd7 7.c5 c6 8.Bd3 Nh5
9.O-O Nxf4 10.exf4 b6 11.b4 bxc5 12.bxc5 Qa5 13.Qc2 g6 14.h4 Bf6 15.Rac1 Ba6
16.h5 Rab8 17.Ne5 Nxe5 18.fxe5 Be7 19.Rb1 Kg7 20.g3  1/2-1/2

[Event "12th ch-Asia w"]
[Site "Tehran IRI"]
[Date "2007.09.04"]
[Round "2"]
[White "Wang Xiaohui"]
[Black "Tajik,S"]
[Result "1-0"]
[WhiteElo "2190"]
[BlackElo "2000"]

1.d4 d5 2.c4 e6 3.Nc3 Be7 4.Nf3 Nf6 5.Bf4 O-O 6.e3 c5 7.dxc5 Bxc5 8.Qc2 Nc6
9.Rd1 Qa5 10.a3 Ne4 11.cxd5 Nxc3 12.bxc3 exd5 13.h4 Ne7 14.Bd3 f5 15.h5 Bd7
16.Rb1 Bxa3 17.O-O Rac8 18.Rxb7 Ba4 19.Qd2 Bc6 20.Rbb1 Ba8 21.Rb3 Bc5 22.h6 Ng6
23.hxg7 Kxg7 24.Qb2 Nxf4 25.exf4 Qc7 26.c4+ Kg8 27.Ne5 Qg7 28.Be2 Kh8 29.Rh3 Rfe8
30.Rg3 Qxg3 31.Nf7+ Kg8 32.Nh6+ Kf8 33.Qf6+  1-0

[Event "12th ch-Asia w"]
[Site "Tehran IRI"]
[Date "2007.09.05"]
[Round "3"]
[White "Wang Xiaohui"]
[Black "Le Kieu Thien Kim"]
[Result "0-1"]
[WhiteElo "2190"]
[BlackElo "2293"]

1.d4 Nf6 2.c4 e6 3.Nc3 d5 4.Nf3 Be7 5.Bf4 O-O 6.e3 b6 7.cxd5 Nxd5 8.Nxd5 exd5
9.a3 Be6 10.Bd3 c5 11.Qc2 h6 12.dxc5 bxc5 13.O-O Nc6 14.b4 c4 15.Rfd1 Qc8
16.Be2 Bf6 17.Ra2 Qb7 18.e4 Rfd8 19.e5 Be7 20.Rb2 a5 21.bxa5 Qc8 22.Be3 Bf5
23.Qc3 Rxa5 24.Ra1 Qa8 25.Rb6 Ra6 26.Rxa6 Qxa6 27.h3 Be4 28.Bd4 Nxd4 29.Qxd4 Qc6
30.Nd2 Bc5 31.Qc3 Bf5 32.Qg3 Qe6 33.Re1 Ra8 34.Qc3 Rxa3 35.Qc1 Bxh3 36.gxh3 Rg3+  0-1

[Event "ch-Africa Women"]
[Site "Windhoek NAM"]
[Date "2007.09.05"]
[Round "5"]
[White "Solomons,A"]
[Black "Mudongo,B"]
[Result "1/2-1/2"]
[WhiteElo "1865"]
[BlackElo "1941"]

1.d4 d5 2.c4 e6 3.Nc3 Nf6 4.Nf3 Be7 5.Bf4 O-O 6.e3 a6 7.c5 b6 8.b4 Bb7 9.h3 Nbd7
10.Bd3 h6 11.O-O Ne4 12.Qc2 f5 13.Ne5 Nxe5 14.Bxe5 Qd7 15.Rfc1 Bc6 16.cxb6 cxb6
17.Nxe4 Ba4 18.Qe2 fxe4 19.Bxa6 Bd6 20.Bxd6 Qxd6 21.b5 Ra7 22.Qb2 Raf7 23.Rc6 Qe7
24.Rf1 Qg5 25.Bc8 Kh8 26.Bxe6 Rf3 27.Rc8 Rxc8 28.Bxc8 Rf8 29.Bb7 Rf6 30.Bc6 Rg6
31.g3 Qf5 32.Kh2 Qf3 33.Rg1 Bd1 34.Bxd5 Qh5 35.Bf7 Bg4 36.h4 Bd7 37.Bxg6 Qg4
38.Rh1 Qxg6 39.Qa3 Qf5 40.Kg1 Qf3 41.Qc1 Bxb5 42.Qc8+ Kh7 43.Qh3 Qd1+ 44.Kh2 Qe2
45.Qf5+ Kh8 46.Qxe4 Qxf2+ 47.Kh3 Bd7+ 48.g4 h5 49.Qa8+ Kh7 50.Qe4+  1/2-1/2

[Event "XV Open"]
[Site "Albacete ESP"]
[Date "2007.09.07"]
[Round "9"]
[White "Hernandez Carmenates,Hold"]
[Black "Rivas Pastor,M"]
[Result "1-0"]
[WhiteElo "2544"]
[BlackElo "2510"]

1.Nf3 Nf6 2.c4 e6 3.Nc3 d5 4.d4 Be7 5.Bf4 O-O 6.e3 b6 7.cxd5 Nxd5 8.Bg3 Nxc3
9.bxc3 c5 10.Bd3 Nc6 11.O-O Bb7 12.Rc1 Rc8 13.Bb1 g6 14.Qd2 cxd4 15.exd4 Bf6
16.Be4 Na5 17.Bxb7 Nxb7 18.c4 Nd6 19.Qe2 Nf5 20.Rfd1 Nxg3 21.hxg3 Rc7 22.Qe4 Qe7
23.Qf4 Rfc8 24.d5 e5 25.Qe4 Qd6 26.Qd3 Bg7 27.Ng5 Qd8 28.d6 Rd7 29.Ne4 f5
30.Qd5+ Rf7 31.d7 Rc7 32.Ng5  1-0

[Event "4th LGA Premium Cup"]
[Site "Nuernberg GER"]
[Date "2007.09.07"]
[Round "2"]
[White "Farago,I"]
[Black "Kreuzer,H"]
[Result "1/2-1/2"]
[WhiteElo "2501"]
[BlackElo "2105"]

1.d4 Nf6 2.c4 e6 3.Nf3 d5 4.Nc3 Be7 5.Bf4 O-O 6.e3 c6 7.h3 Nbd7 8.c5 Ne4
9.Nxe4 dxe4 10.Ne5 Nxe5 11.Bxe5 f6 12.Bh2 e5 13.Bc4+ Kh8 14.O-O exd4 15.Qxd4 Qxd4
16.exd4 h5 17.Rfe1 f5 18.Be5 Bg5 19.Bd6 Rd8 20.Bf7 h4 21.f3 exf3 22.gxf3 Kh7
23.f4 Bf6 24.Be5 Bxe5 25.dxe5 Bd7 26.e6 Be8 27.e7 Rdb8 28.Be6 g6 29.Rad1 Kg7
30.Rd6 b6 31.b4 bxc5 32.bxc5 a5 33.Bd7 Ra7 34.Bxc6 Bxc6 35.Rxc6 Kf7 36.Rce6 Re8
37.Kf2 Rb7 38.a3 Rb5 39.R6e5 Rb3 40.R5e3 Rb5 41.Re5 Rb3 42.R1e3 Rb2+ 43.Re2 Rb3
44.R5e3 Rb5 45.Rc3 Rxe7 46.Rxe7+ Kxe7 47.Ke3 a4 48.Kd4 Kd7 49.Rc4 Rb3 50.Rxa4 Rxh3
51.Ra7+ Ke6 52.Ra6+ Kd7 53.Rxg6 Rxa3 54.Rf6 Ra4+ 55.Ke5 Rc4 56.Kxf5 Rxc5+
57.Kg4 Ke7 58.Rh6 Kf7 59.Rxh4 Kg6 60.Rh1 Ra5 61.Kg3  1/2-1/2

[Event "60th ch-RUS Higher League"]
[Site "Krasnoyarsk RUS"]
[Date "2007.09.08"]
[Round "5"]
[White "Khismatullin,D"]
[Black "Zvjaginsev,V"]
[Result "0-1"]
[WhiteElo "2566"]
[BlackElo "2658"]

1.d4 d5 2.c4 e6 3.Nf3 Nf6 4.Nc3 Be7 5.Bf4 O-O 6.e3 Nbd7 7.c5 c6 8.h3 b6 9.b4 a5
10.a3 Ba6 11.Bxa6 Rxa6 12.O-O Qc8 13.Qc2 Qb7 14.Rab1 axb4 15.axb4 Ra7 16.Nd2 Rfa8
17.Rfc1 h6 18.Nb3 b5 19.f3 Nf8 20.e4 Ne8 21.Re1 Qd7 22.Bh2 Ng6 23.e5 Bd8
24.g4 Bc7 25.Re2 f5 26.Kh1 Qf7 27.gxf5 Nh4 28.f6 gxf6 29.Qd3 fxe5 30.Bxe5 Bxe5
31.Rxe5 Ng7 32.Na5 Rc7 33.f4 Ng6 34.Re3 Nxf4 35.Qd2 Nfh5 36.Qg2 Rf8 37.Ne2 Kh7
38.Rg1 Rcc8 39.Ng3 Nf4 40.Qc2+ Qg6 41.Qxg6+ Nxg6 42.Rf1 Rxf1+ 43.Nxf1 Nf5
44.Rxe6 Nxd4 45.Rd6 Ne5 46.Ne3 Rg8 47.Ng4 Nxg4 48.Rd7+ Rg7 49.Rxg7+ Kxg7
50.hxg4 Kf6 51.Kg2 Ke5 52.Kg3 Ke4 53.Nb7 Kd3 54.Kf4 Kc3 55.Ke5 Nc2 56.Nd8 Nxb4
57.Nf7 Nd3+  0-1